[Event "Poznan"]
[Site "Poznan"]
[Date "1976.??.??"]
[Round "8"]
[White "Borkowski, Franciszek"]
[Black "Nowak, Ignacy"]
[Result "1/2-1/2"]
[WhiteElo "2350"]
[BlackElo "2295"]

1.e4 e6 2.d4 d5 3.Nd2 a6 4.c3 c5 5.e5 cxd4 6.cxd4 Qb6 7.Ndf3 Bd7 8.Bd3 a5
9.Ne2 Bb5 10.Bxb5+ Qxb5 11.O-O Ne7 12.Nc3 Qd7 13.Bg5 Nc8 14.Rc1 h6 15.Be3 Be7
16.Ne1 Nc6 17.Qg4 g6 18.Nd3 Nb6 19.Nf4 a4 20.Rfd1 Na5 21.Rc2 Nc6 22.g3 Nb4
23.Re2 Rc8 24.a3 Na6 25.Rc2 Rc6 26.Nd3 Rc4 27.f4 Qc6 28.Rdc1 Kf8 29.Qf3 h5
30.h3 Nc7 31.Nc5 Bxc5 32.dxc5 Nd7 33.Ne2 Rxc2 34.Rxc2 Nb5 35.Nd4 Nxd4 36.Bxd4 Nb6
37.g4 Nc4 38.f5 hxg4 39.hxg4 gxf5 40.gxf5 Rg8+ 41.Rg2 Rxg2+ 42.Kxg2 exf5
43.Kf2 Qe6 44.Qh5 Ke8 45.Qh8+ Kd7 46.Qa8 Qc6 47.Qf8 Qe6  1/2-1/2

[Event "Poznan"]
[Site "Poznan"]
[Date "1976.??.??"]
[Round "9"]
[White "Bernard, Ryszard"]
[Black "Bednarski, Jacek B"]
[Result "1-0"]
[WhiteElo "2360"]
[BlackElo "2425"]

1.e4 e6 2.d4 d5 3.Nd2 Be7 4.Ngf3 Nf6 5.Bd3 c5 6.c3 Nc6 7.O-O dxe4 8.Nxe4 cxd4
9.cxd4 O-O 10.Nc3 b6 11.Bg5 Nb4 12.Bb1 Bb7 13.a3 Nbd5 14.Re1 Rc8 15.Qd3 g6
16.Ba2 Re8 17.Ne5 Nxc3 18.bxc3 Nd5 19.Bd2 Bg5 20.c4 Nf4 21.Qg3 Nh3+ 22.Qxh3 Bxd2
23.Red1 Qxd4 24.Nxf7 Rc7 25.Ng5 Qc3 26.Nxe6 Rce7 27.c5 Kh8 28.Qxc3+ Bxc3
29.Rac1 Bb2 30.Rc2 Bxa3 31.c6 Bc8 32.c7 Bc5 33.Rd8 Bxe6 34.Bxe6 Rxe6 35.g3  1-0

[Event "URS-ch otbor"]
[Site "Rostov"]
[Date "1976.??.??"]
[Round "?"]
[White "Kapengut, Albert Z"]
[Black "Muratov, Vladimir A"]
[Result "0-1"]
[WhiteElo "2460"]
[BlackElo "2405"]

1.e4 e6 2.d4 d5 3.Nd2 Nc6 4.Ngf3 Nf6 5.e5 Nd7 6.Be2 Ne7 7.c3 c5 8.b4 cxd4
9.cxd4 Ng6 10.a3 f6 11.exf6 Qxf6 12.Nb3 Bd6 13.O-O O-O 14.Bd3 Nf4 15.Bxf4 Qxf4
16.Qe2 e5 17.dxe5 Nxe5 18.Nxe5 Bxe5 19.g3 Qf3 20.Ra2 Bh3 21.Qxf3 Rxf3 22.Rd1 Rc8
23.Nc5 b6 24.Be2 Rc3 25.Nd3 Bd6 26.g4 h5 27.gxh5 Rf8 28.Ne1 Rf5 29.Rd4 a5
30.Bg4 Rg5 31.f3 Be7 32.Re2 Bf6 33.Rd3 Bxg4 34.fxg4 Rxg4+ 35.Kf1 Bd4 36.Re8+ Kf7
37.Rxc3 Rg1+ 38.Ke2 Rxe1+ 39.Kd3 Bxc3 40.Rb8 axb4 41.axb4 Bxb4 42.Rxb6 Be7
43.h6 gxh6 44.Rxh6 Bf6 45.h4 Kg7 46.Rh5 Re5  0-1

[Event "URS-ch otbor"]
[Site "Rostov"]
[Date "1976.??.??"]
[Round "?"]
[White "Kudriashov, Anatoli"]
[Black "Doroshkievich, Vladimir K"]
[Result "1-0"]
[WhiteElo "2380"]
[BlackElo "2425"]

1.e4 e6 2.d4 d5 3.Nd2 Nc6 4.Ngf3 Nf6 5.e5 Nd7 6.Bd3 Nb4 7.Be2 c5 8.c3 Nc6
9.O-O cxd4 10.cxd4 f6 11.Re1 Qb6 12.exf6 Nxf6 13.Nb3 a5 14.Bf4 Bb4 15.Rf1 a4
16.Nc1 a3 17.Rb1 Bc3 18.bxc3 Qxb1 19.Bd3 Qb2 20.Re1 O-O 21.Bd6 Rd8 22.Bc7 Re8
23.Nb3 Qxc3 24.Re3 Qb4 25.Ng5 h6 26.h4 Re7 27.Be5 Nxe5 28.dxe5 Ng4 29.Bh7+ Kf8
30.Rf3+ Ke8 31.Bg6+ Kd7 32.Nf7 Ra6 33.Nd4 Qb2 34.Bh5 Qxa2 35.Bxg4 Qc4 36.Nd6 Qa4
37.Qc1 Rxd6 38.exd6 Kxd6 39.Qf4+ Kd7 40.Rc3 Qa5 41.Nb5 Qxb5 42.Qc7+ Ke8 43.Bh5+ g6
44.Qxc8+  1-0

[Event "Balkaniad tt"]
[Site "Albena"]
[Date "1977.??.??"]
[Round "?"]
[White "Baumstark, Gertrude"]
[Black "Pihajlic, Amalija"]
[Result "1/2-1/2"]
[WhiteElo "2205"]
[BlackElo "2185"]

1.e4 e6 2.d4 d5 3.Nd2 Nc6 4.Ngf3 Nf6 5.e5 Nd7 6.Nb3 a5 7.a4 Be7 8.Bb5 Ncb8
9.O-O b6 10.Bf4 Ba6 11.Bxa6 Nxa6 12.Qe2 O-O 13.Rac1 c5 14.c4 Nb4 15.Rfd1 Qc7
16.cxd5 Nxd5 17.Bg5 Bxg5 18.Nxg5 Qc6 19.Qe4 g6 20.dxc5 bxc5 21.Rd3 h6 22.Nxe6 Qxe6
23.Qxd5 Qxd5 24.Rxd5 Nb6 25.Rdxc5 Nxa4 26.Rxa5 Nxb2 27.Rd5 Rfb8 28.Na5 Nd3
29.Rxd3 Rxa5 30.Re3 Re8 31.Rce1 Re6 32.g3 Kg7 33.Kg2 g5 34.f4 Kg6 35.Kf3 Ra2
36.R1e2 Ra4 37.Re4 Ra3+ 38.R2e3 Ra2 39.Re2 Ra3+ 40.R2e3 Ra2 41.fxg5 Rxh2
42.gxh6 Rxh6 43.Rg4+ Kh7 44.Rd4 Rh5 45.Kf4 f6 46.exf6 Rxf6+ 47.Kg4 Kg6 48.Rf4 Rg5+
49.Kf3 Rgf5 50.Ra3 Kg5 51.Ra4 Rf7 52.Re4 R7f6 53.Ke3 Rxf4 54.gxf4+ Kg4 55.Re8 Rf7
56.Rg8+ Kf5 57.Rg5+ Kf6 58.Re5 Re7  1/2-1/2

[Event "YMCA"]
[Site "Buenos Aires"]
[Date "1977.??.??"]
[Round "6"]
[White "Franco Ocampo, Zenon"]
[Black "Guimard, Carlos E"]
[Result "1/2-1/2"]
[WhiteElo "2315"]
[BlackElo "2410"]

1.e4 e6 2.d4 d5 3.Nd2 Nc6 4.Ngf3 Nf6 5.e5 Nd7 6.Bb5 a6 7.Bxc6 bxc6 8.Nb3 c5
9.Bg5 Be7 10.Bxe7 Qxe7 11.c3 O-O 12.dxc5 Nxc5 13.Nxc5 Qxc5 14.Qd4 Qb5 15.b4 Bd7
16.a4 Qb6 17.Qxb6 cxb6 18.a5 b5 19.Kd2 f6 20.Rae1 Rac8 21.Rhf1 Rc4 22.Re3 Rfc8
23.Rc1 f5 24.Nd4 Rf8 25.Rd3 Bc8 26.f3 Rc7 27.g3 g5 28.f4 h6 29.Nb3 Rg7 30.Rf1 Kf7
31.Nc5 Ke7 32.Rdf3 g4 33.Re3 h5 34.h3 gxh3 35.Rh1 Rh8 36.Rxh3 Kf7 37.Re1 Kg6
38.Rh4 Rc7 39.Reh1 Rh6 40.Kd3 Rc6 41.Nb3 Rc7  1/2-1/2

[Event "Wch U20"]
[Site "Groningen"]
[Date "1977.??.??"]
[Round "?"]
[White "Georgiev, Krum"]
[Black "Goodman, David SC"]
[Result "1-0"]
[WhiteElo "2390"]
[BlackElo "2340"]

1.e4 e6 2.d4 d5 3.Nd2 Be7 4.c3 dxe4 5.Nxe4 Nf6 6.Nxf6+ Bxf6 7.Nf3 b6 8.Bb5+ c6
9.Bd3 Ba6 10.Bf4 Bxd3 11.Qxd3 O-O 12.O-O-O Qd5 13.h4 Qxa2 14.Ng5 g6 15.Nxh7 Qa1+
16.Kc2 Qa4+ 17.Kb1 Kxh7 18.h5 Nd7 19.hxg6+ Kg7 20.Rh7+ Kg8 21.gxf7+ Rxf7
22.Qg6+ Bg7 23.Rdh1  1-0

[Event "October Revolution 60"]
[Site "Leningrad"]
[Date "1977.??.??"]
[Round "?"]
[White "Kuzmin, Gennadi P"]
[Black "Romanishin, Oleg M"]
[Result "1/2-1/2"]
[WhiteElo "2550"]
[BlackElo "2595"]

1.e4 e6 2.d4 d5 3.Nd2 Be7 4.e5 c5 5.dxc5 Nc6 6.Ngf3 Qc7 7.Bb5 Bxc5 8.Nb3 Bb6
9.O-O Ne7 10.Bf4 Bd7 11.Rc1 Ng6 12.Bg3 Na5 13.Nbd4 a6 14.Bd3 Nc4 15.Bxg6 hxg6
16.b3 Na5 17.c4 dxc4 18.Ng5 Qc5 19.Ndf3 Bc6 20.Qd2 Rd8 21.b4 Rxd2 22.bxc5 Bd8
23.Nxd2 Bxg5 24.f4 Be7 25.Bf2 Bd5 26.Rc3 g5 27.Ra3 Nc6 28.Rc1 gxf4 29.Nxc4 Rh5
30.Nb6 Rxe5 31.Rd1 Be4 32.Rh3 f6 33.Rh8+ Kf7 34.Nc4 Rd5 35.Nd6+ Bxd6 36.Rxd5 exd5
37.cxd6 Ke6 38.Bc5 d4 39.Re8+ Kd5 40.Rxe4 Kxe4 41.d7 Kd3 42.Kf2 b5 43.Bb4 Kc2
44.h4 d3 45.Ke1 g6  1/2-1/2

[Event "Rimavska Sobota"]
[Site "Rimavska Sobota"]
[Date "1977.??.??"]
[Round "10"]
[White "Tepper, M."]
[Black "Fichtl, Jiri"]
[Result "1/2-1/2"]
[WhiteElo "2200"]
[BlackElo "2325"]

1.e4 e6 2.d4 d5 3.Nd2 Nc6 4.c3 Nf6 5.e5 Nd7 6.f4 b6 7.Bd3 a5 8.Ndf3 Ba6 9.f5 Bxd3
10.Qxd3 exf5 11.Qxf5 g6 12.Qd3 Bg7 13.Ne2 O-O 14.O-O Re8 15.Bd2 Qc8 16.Nf4 Nf8
17.Rae1 Nd8 18.Ng5 Re7 19.Re2 c6 20.Ref2 Raa7 21.h3 Qa8 22.Nf3 Nd7 23.Ne2 Ne6
24.Nh2 Qc8 25.Ng4 Qa6 26.Qg3 c5 27.Nf4 Nxf4 28.Qxf4 cxd4 29.cxd4 Nf8 30.Nh6+ Bxh6
31.Qxh6 Ne6 32.Be3 Rec7 33.Qh4 Qc8 34.Rf6 Qe8 35.Qf2 Rc6 36.Qh4 Qc8 37.Qh6 Rac7
38.Qh4 Rc2 39.R6f2 Qe8 40.Qf6 Rxf2 41.Rxf2 Qd8 42.Qf3 Qd7 43.Kh2 Rc4 44.Rd2 b5
45.g4 a4 46.h4 Qd8 47.Kg3 Ng7 48.Bh6 Ne6 49.Be3 Qd7 50.h5 Qd8 51.hxg6 fxg6
52.Rf2 Rc7 53.Bh6 Rd7 54.a3 Qe8 55.Qg2 Rd8 56.Rf6 Qe7 57.Qf2 Re8 58.Kh3 Qd7  1/2-1/2

[Event "Sochi"]
[Site "Sochi"]
[Date "1977.??.??"]
[Round "?"]
[White "Krogius, Nikolai V"]
[Black "Karner, Hillar"]
[Result "1-0"]
[WhiteElo "2550"]
[BlackElo "2380"]

1.e4 e6 2.d4 d5 3.Nd2 a6 4.e5 Bd7 5.Ndf3 Bb5 6.Bxb5+ axb5 7.Qd3 Qd7 8.Ne2 b6
9.O-O c5 10.c3 c4 11.Qc2 Ne7 12.Ng3 h5 13.Bg5 Ng6 14.Nh4 Nxh4 15.Bxh4 Be7
16.Bxe7 Qxe7 17.a4 h4 18.Ne2 Qa7 19.f4 g6 20.b3 cxb3 21.Qxb3 bxa4 22.Qb5+ Nd7
23.c4 dxc4 24.Nc3 O-O 25.Rxa4 Qb7 26.Rxc4 Rfc8 27.d5 Rxc4 28.Qxc4 Rc8 29.Qd4 h3
30.gxh3 exd5 31.Nxd5 Rc2 32.f5 Nf8 33.e6 fxe6 34.Nf6+ Kf7 35.fxg6+ Ke7 36.Ne4 Qd5
37.Qxd5  1-0

[Event "SWE-ch"]
[Site "?"]
[Date "1977.??.??"]
[Round "?"]
[White "Bengtsson, Bo"]
[Black "Ornstein, Axel"]
[Result "0-1"]
[WhiteElo "2340"]
[BlackElo "2440"]

1.e4 e6 2.d4 d5 3.Nd2 Be7 4.Ngf3 Nf6 5.Bd3 c5 6.exd5 Nxd5 7.Ne4 cxd4 8.Nxd4 O-O
9.O-O e5 10.Nb5 a6 11.c4 Nb4 12.Nbd6 Be6 13.Bb1 b6 14.a3 N4c6 15.Qh5 f5 16.Rd1 Nd4
17.Bg5 Ra7 18.c5 g6 19.Qh4 fxe4 20.Nxe4 Ne2+  0-1

[Event "SWE-ch"]
[Site "?"]
[Date "1977.??.??"]
[Round "?"]
[White "Schussler, Harry"]
[Black "Karlsson, Lars"]
[Result "1-0"]
[WhiteElo "2360"]
[BlackElo "2370"]

1.e4 e6 2.d4 d5 3.Nd2 Be7 4.e5 c5 5.dxc5 Nc6 6.Ngf3 Bxc5 7.Bd3 Nge7 8.Nb3 Bb6
9.O-O Qc7 10.Qe2 Bd7 11.c3 h6 12.Nbd4 a6 13.b3 Bc5 14.a4 O-O 15.Bf4 Ng6 16.Bg3 Qb6
17.a5 Qa7 18.Nxc6 Bxc6 19.b4 Be7 20.Nd4 Bd7 21.Qg4 Rac8 22.Rac1 Bg5 23.Rc2 Ba4
24.Bxg6 Bxc2 25.Bxc2 Rxc3 26.h4 Rc4 27.hxg5 Qxd4 28.Qe2 hxg5 29.Bd3 Rxb4
30.Rd1 Qg4 31.Qe1 Rb2 32.Rc1 Qd4 33.Rd1 Qa4 34.Ra1 Qb3 35.Qc1 Qb4 36.Qxg5 Qd2
37.Qxd2 Rxd2 38.Ra3 Rc8 39.Rb3 Rc1+ 40.Kh2 g5 41.f3 Rdd1 42.Bf2 Ra1 43.Be3 Rh1+
44.Kg3 Ra2 45.Rc3 Kg7 46.Bxg5 Rg1 47.Bc2 Rxg2+ 48.Kxg2 d4 49.Bf6+ Kh6 50.Rd3 Rxc2+
51.Kg3 Rc4 52.Kf4 Kg6 53.Ke4 Rc5 54.Rb3 Rxa5 55.Rxb7 Rd5 56.Rb3 a5 57.Rd3 a4
58.Rxd4 Ra5 59.Rd2 a3 60.Rg2+ Kh6 61.Rh2+ Kg6 62.Rg2+ Kh6 63.Ra2 Ra4+ 64.Kd3 Rf4
65.Ke3 Ra4 66.f4 Kg6 67.Bg5 Kf5 68.Kd3 f6 69.Bxf6 Rxf4 70.Kc3 Ra4 71.Kb3 Ra6
72.Rxa3 Rc6 73.Kb2 Ke4 74.Rc3  1-0

[Event "SWE-ch"]
[Site "?"]
[Date "1977.??.??"]
[Round "?"]
[White "Helmertz, Per Inge"]
[Black "Ornstein, Axel"]
[Result "1/2-1/2"]
[WhiteElo "2295"]
[BlackElo "2440"]

1.e4 e6 2.d4 d5 3.Nd2 Be7 4.Bd3 Nc6 5.Ngf3 Nb4 6.Be2 dxe4 7.Nxe4 Nf6 8.Nxf6+ Bxf6
9.O-O O-O 10.c3 Nd5 11.Bd3 Qe7 12.Qe2 c5 13.Qe4 g6 14.Bh6 Rd8 15.dxc5 Qxc5
16.Rad1 Bd7 17.a3 Bc6 18.Rd2 Nxc3 19.Qg4 Nd5 20.Ng5 Qd4 21.Qxd4 Bxd4 22.Bxg6 hxg6
23.Rxd4 e5 24.Rdd1 Nf4 25.f3 f5 26.Rfe1 Ba4 27.b3 Bc6 28.h4 Rxd1 29.Rxd1 Nd5
30.b4 b6 31.Ne6 Kf7 32.Rc1 Ne7 33.Ng5+ Kf6 34.Nh3 Rc8 35.Bg5+ Ke6 36.Nf4+ exf4
37.Re1+ Be4 38.Bxe7 Kxe7 39.fxe4 Kf6 40.exf5 Kxf5 41.Re7 Kg4 42.Rg7 Kxh4
43.Rxg6 Rc3 44.a4 Ra3 45.a5 bxa5 46.bxa5 Rxa5 47.Kf2 Ra3 48.Rg8 a5 49.Rg7 a4
50.Rg8 Rb3 51.Rg7 a3 52.Rg8 Rg3 53.Ra8 Kg4 54.Rg8+ Kf5 55.Ra8 Rb3 56.Ra7 Ke4
57.Ra4+ Kd3 58.Kf3 Kc3 59.Ra8 Kb2+ 60.Kxf4 a2 61.Rxa2+ Kxa2 62.g4 Rb1 63.g5  1/2-1/2

[Event "SWE-ch"]
[Site "?"]
[Date "1977.??.??"]
[Round "?"]
[White "Helmertz, Per Inge"]
[Black "Karlsson, Lars"]
[Result "0-1"]
[WhiteElo "2295"]
[BlackElo "2370"]

1.e4 e6 2.d4 d5 3.Nd2 Be7 4.c3 dxe4 5.Nxe4 Nf6 6.Nxf6+ Bxf6 7.Bd3 Nd7 8.Nf3 c5
9.O-O O-O 10.Re1 Qb6 11.Ng5 g6 12.Ne4 Be7 13.dxc5 Nxc5 14.Nxc5 Bxc5 15.Qf3 Rd8
16.Be4 Be7 17.Bf4 a5 18.b3 a4 19.Rab1 axb3 20.Rxb3 Qc5 21.Bxb7 Rxa2 22.Bxc8 Rxc8
23.Rb7 Bf6 24.h4 Qxc3 25.Rc1 Ra1 26.Rxa1 Qxf3 27.gxf3 Bxa1 28.h5 gxh5 29.Rb5 f5
30.Rb7 Bf6 31.Kg2 Rf8 32.Bh6 Re8 33.f4 Re7 34.Rb8+ Kf7 35.Bf8 Re8 36.Rxe8 Kxe8
37.Bc5 Kd7 38.Kg3 Kc6 39.Be3 Kd5 40.Bb6 Ke4 41.f3+  0-1

[Event "Yerevan"]
[Site "Yerevan"]
[Date "1977.??.??"]
[Round "3"]
[White "Eolian, Levon S"]
[Black "Doroshkievich, Vladimir K"]
[Result "1-0"]
[WhiteElo "2200"]
[BlackElo "2420"]

1.e4 e6 2.d4 d5 3.Nd2 Nc6 4.Ngf3 Nf6 5.e5 Nd7 6.Be2 f6 7.exf6 Nxf6 8.O-O Bd6
9.Re1 O-O 10.Bb5 Bd7 11.c4 Ne7 12.Bxd7 Qxd7 13.c5 Bf4 14.Qe2 Bxd2 15.Bxd2 Ne4
16.Ne5 Qa4 17.Be3 Nf5 18.b3 Qb4 19.f3 Nf6 20.Nd3 Qb5 21.Bf2 g6 22.Qxe6+ Kg7
23.Qe2 Rae8 24.Ne5 Qxe2 25.Rxe2 Re6 26.Rae1 Rfe8 27.Kf1 h5 28.b4 Ra6 29.Rb1 Ra3
30.Rb3 Rxb3 31.axb3 c6 32.Ke1 a6 33.Kd2 g5 34.Kd3 h4 35.Be3 Nxe3 36.Kxe3 Nh5
37.Ra2 Kf6 38.Kf2 Ng7 39.Ng4+ Kg6 40.Re2 Rxe2+ 41.Kxe2 Ne6 42.Ke3 Nf4 43.g3 hxg3
44.hxg3 Nh5 45.Ne5+ Kf6 46.g4 Nf4 47.Nd3 Ne6 48.Nc1 Nd8 49.Ne2 Nf7 50.Ng3 Nh6
51.Kf2 Kg6 52.Nh5 Nf7 53.Kg3 Nh6 54.f4 Nf7 55.f5+ Kh6 56.Nf6  1-0

[Event "Amsterdam zt"]
[Site "Amsterdam"]
[Date "1978.??.??"]
[Round "14"]
[White "Meulders, Richard"]
[Black "Roos, Louis"]
[Result "0-1"]
[WhiteElo "2225"]
[BlackElo "2200"]

1.e4 e6 2.d4 d5 3.Nd2 a6 4.Ngf3 c5 5.exd5 exd5 6.Qe2+ Be7 7.g3 Nf6 8.Bg2 O-O
9.O-O Bf5 10.dxc5 Bxc2 11.Nc4 Ba4 12.b3 Bc6 13.Rd1 Bxc5 14.Nce5 Re8 15.Qc2 Ne4
16.Nd3 Ba7 17.Bb2 Nd7 18.Bd4 Bxd4 19.Nxd4 Rc8 20.Qb2 Qf6 21.Rab1 h5 22.Nf4 g6
23.Bh3 Rcd8 24.Bf1 Ne5 25.Rdc1 h4 26.Nxc6 bxc6 27.Bxa6 Nd2 28.Be2 Nxb1 29.Rxb1 d4
30.Qd2 d3 31.Bd1 hxg3 32.hxg3 Qf5 33.Rc1 g5 34.Nh5 Rd6 35.b4 Nf3+ 36.Bxf3 Qxf3
37.Qxg5+ Rg6  0-1

[Event "URS-FL"]
[Site "Ashkhabad"]
[Date "1978.??.??"]
[Round "6"]
[White "Tseshkovsky, Vitaly"]
[Black "Kapengut, Albert Z"]
[Result "1/2-1/2"]
[WhiteElo "2550"]
[BlackElo "2465"]

1.e4 e6 2.d4 d5 3.Nd2 Be7 4.Ngf3 Nf6 5.e5 Nfd7 6.Bd3 c5 7.c3 Nc6 8.Qe2 cxd4
9.cxd4 Nb4 10.O-O Nxd3 11.Qxd3 b6 12.Re1 a5 13.Nf1 Ba6 14.Qe3 Qc7 15.Bd2 Qc2
16.b3 Ba3 17.Bc1 Be7 18.Bd2 Ba3 19.Bc1 Be7 20.Bd2  1/2-1/2

[Event "Buenos Aires ol (Men)"]
[Site "Buenos Aires"]
[Date "1978.??.??"]
[Round "?"]
[White "Radulov, Ivan"]
[Black "Diez del Corral, Jesus"]
[Result "1/2-1/2"]
[WhiteElo "2490"]
[BlackElo "2360"]

1.e4 e6 2.d4 d5 3.Nd2 Be7 4.Bd3 Nf6 5.Ne2 c5 6.e5 Nfd7 7.c3 Nc6 8.O-O a5
9.Kh1 a4 10.f4 g6 11.Nf3 cxd4 12.Nexd4 Nc5 13.Bc2 Bd7 14.Be3 Nxd4 15.Nxd4 Qc7
16.Qf3 Rc8 17.Rae1 h5 18.Bd2 b6 19.Qh3 h4 20.Re3 Ne4 21.Bxe4 dxe4 22.Rfe1 Qb7
23.Rxe4 Bc5 24.f5 Bxd4 25.Rxd4 gxf5 26.Bg5 Rg8 27.Qxh4 Bc6 28.Qh7 Bxg2+ 29.Kg1 Kf8
30.Re3 Bf3 31.Qh6+ Ke8 32.Red3 Bd5 33.h4 b5 34.Qh7 Rg6 35.Rg3 Qc7 36.Re3 Qc5
37.Kf2 Qf8 38.Qh5 Qc5 39.Qh7 Qf8 40.a3 Rc4 41.Rg3 Rxd4 42.cxd4 Kd7 43.h5 Rg7
44.Qh6 Qc8 45.Bd2 Rxg3 46.Kxg3 Qc4 47.Qe3 Qf1 48.Qf2  1/2-1/2

[Event "Buenos Aires ol (Men)"]
[Site "Buenos Aires"]
[Date "1978.??.??"]
[Round "?"]
[White "Bogda, A."]
[Black "Braga, Fernando"]
[Result "1-0"]
[WhiteElo "2240"]
[BlackElo "2200"]

1.e4 e6 2.d4 d5 3.Nd2 Nc6 4.c3 dxe4 5.Nxe4 Nf6 6.Nxf6+ Qxf6 7.Nf3 h6 8.Bb5 Bd6
9.O-O O-O 10.Re1 Rd8 11.Qe2 Ne7 12.Ne5 Nf5 13.Qh5 c5 14.Ng4 Qh4 15.Qxh4 Nxh4
16.dxc5 Bxc5 17.Bf4 Bd7 18.Bxd7 Rxd7 19.Bxh6 Nf5 20.Bf4 Rad8 21.Ne5 Rd5 22.Nf3 b5
23.Bc7 R8d7 24.Ba5 Be7 25.Ne5 Rb7 26.Rad1 Ne3 27.Rxd5 Nxd5 28.Nc6 Bf6 29.g3 Kf8
30.h4 Ke8 31.Ne5 Be7 32.b3 b4 33.cxb4 Nxb4 34.Re2 Nd5 35.Rc2 Bd6 36.Rc8+ Ke7
37.Bd8+  1-0

[Event "Buenos Aires ol (Men)"]
[Site "Buenos Aires"]
[Date "1978.??.??"]
[Round "?"]
[White "Sellos, Didier"]
[Black "Bernat, Miguel"]
[Result "1/2-1/2"]
[WhiteElo "2320"]
[BlackElo "2405"]

1.e4 e6 2.d4 d5 3.Nd2 a6 4.Ngf3 c5 5.exd5 exd5 6.dxc5 Bxc5 7.Nb3 Ba7 8.Bd3 Qe7+
9.Be2 Nf6 10.O-O O-O 11.Nfd4 Nc6 12.Be3 Qd6 13.Nxc6 Bxe3 14.fxe3 bxc6 15.Qd4 Re8
16.Bf3 Rb8 17.Nc5 Qe5 18.Qxe5 Rxe5 19.Rfe1 a5 20.b3 Bf5 21.Re2 Re7 22.Kf2 g5
23.g3 Bg4 24.Rd1 Rb5 25.Na4 Ne4+ 26.Kg2 Bxf3+ 27.Kxf3 Re6 28.Rd4 h5 29.Kg2 Kg7
30.c3 Nd6 31.Rd3 Ne4 32.Rd4 Nd6  1/2-1/2

[Event "Buenos Aires ol (Men)"]
[Site "Buenos Aires"]
[Date "1978.??.??"]
[Round "?"]
[White "Kristiansen, Jens"]
[Black "Hug, Werner"]
[Result "1/2-1/2"]
[WhiteElo "2395"]
[BlackElo "2460"]

1.e4 e6 2.d4 d5 3.Nd2 Nc6 4.Ngf3 Nf6 5.e5 Nd7 6.Nb3 a6 7.Ng5 Qe7 8.f4 b6
9.c3 Bb7 10.Bd3 O-O-O 11.O-O f5 12.Qe2 h6 13.Nf3 Ncb8 14.Be3 Rg8 15.a4 g5
16.Nbd2 gxf4 17.Bxf4 Qg7 18.Kh1 Be7 19.Rg1 Nf8 20.Qe3 Bg5 21.g3 Rd7  1/2-1/2

[Event "Buenos Aires ol (Men)"]
[Site "Buenos Aires"]
[Date "1978.??.??"]
[Round "?"]
[White "Nunn, John DM"]
[Black "Piasetski, Leon David"]
[Result "1-0"]
[WhiteElo "2440"]
[BlackElo "2410"]

1.e4 e6 2.d4 d5 3.Nd2 Nc6 4.Ngf3 Nf6 5.e5 Nd7 6.Nb3 Be7 7.Bb5 a5 8.O-O a4
9.Nbd2 Nb6 10.c3 O-O 11.Re1 Bd7 12.Bd3 Na7 13.Nf1 Bb5 14.Bb1 Nd7 15.Qc2 g6
16.Bh6 Re8 17.Qd2 c5 18.Qf4 Nc6 19.Ng5 Rf8 20.h4 cxd4 21.Bxf8 Bxg5 22.hxg5 Qxf8
23.Nh2 a3 24.b3 dxc3 25.Ng4 Rd8 26.Rc1 d4 27.Be4 Nb4 28.g3 Qe7 29.Kg2 Nc5
30.Nf6+ Kg7 31.Rh1 h5 32.Rxh5 gxh5 33.Nxh5+ Kf8 34.g6 Nxe4 35.g7+ Kg8 36.Nf6+ Nxf6
37.exf6 Nd5 38.Qh6  1-0

[Event "Buenos Aires ol (Men)"]
[Site "Buenos Aires"]
[Date "1978.??.??"]
[Round "?"]
[White "Braga, Fernando"]
[Black "Vaganian, Rafael A"]
[Result "1/2-1/2"]
[WhiteElo "2200"]
[BlackElo "2570"]

1.e4 e6 2.d4 d5 3.Nd2 Nc6 4.Ngf3 Nf6 5.e5 Nd7 6.c3 f6 7.exf6 Qxf6 8.Nb3 Bd6
9.Be2 O-O 10.O-O h6 11.Be3 b6 12.Rc1 Bb7 13.g3 Rad8 14.Ne1 e5 15.Ng2 Ne7
16.Bg4 Nf5 17.Qc2 c5 18.Qxf5 Qxf5 19.Bxf5 Rxf5 20.f4 exd4 21.cxd4 Rc8 22.Rfd1 c4
23.Nd2 Rf7 24.Nf3 Nf6 25.Ne5 Rfc7 26.Bd2 Ne4 27.Bc3 a5 28.a4 Bb4 29.Ne3 Rd8
30.g4 Bc6 31.Nxc6 Rxc6 32.Kg2 Rf6 33.f5 b5 34.axb5 Rb6 35.Re1 Nf6 36.h4 Rxb5
37.g5 hxg5 38.hxg5 Nh7 39.g6 Nf6 40.Kf3 a4 41.Ng4 Ne4 42.Bxb4 Rxb4 43.Rc2 Rdb8
44.Ne3 Nf6 45.Ng4 Rb3+ 46.Kf4 Rd3 47.Nxf6+ gxf6 48.Rce2 Rxd4+ 49.Kg3 Rb3+
50.Kg2 Rg4+ 51.Kh2 Rh4+ 52.Kg2 Rg4+ 53.Kh2 Kg7 54.Re8 Rb7 55.R1e7+ Rxe7 56.Rxe7+ Kf8
57.Rd7 d4 58.Kh3 Rg5 59.Rxd4 Rxf5 60.Rxc4 Kg7 61.Rg4  1/2-1/2

[Event "URS-ch sf"]
[Site "Daugavpils"]
[Date "1978.??.??"]
[Round "?"]
[White "Vorotnikov, Vladislav V"]
[Black "Gusev, Vladimir A"]
[Result "1-0"]
[WhiteElo "2410"]
[BlackElo "2410"]

1.e4 e6 2.d4 d5 3.Nd2 Nc6 4.Ngf3 Nf6 5.e5 Nd7 6.Be2 f6 7.exf6 Nxf6 8.O-O Bd6
9.b3 e5 10.dxe5 Nxe5 11.Bb2 Nxf3+ 12.Bxf3 O-O 13.Bxf6 Rxf6 14.Bxd5+ Kh8 15.Ne4 Bxh2+
16.Kxh2 Rh6+ 17.Kg1 Qh4 18.f3 Qh2+ 19.Kf2 Bh3 20.Rg1 Rg6 21.Bf7 Rxg2+ 22.Rxg2 Qxg2+
23.Ke3 Rf8 24.Qd5 h6 25.Qe5 Qxc2 26.Rg1 Bg2 27.Qe7 Ra8 28.Be8  1-0

[Event "URS-ch sf"]
[Site "Daugavpils"]
[Date "1978.??.??"]
[Round "?"]
[White "Kudriashov, Anatoli"]
[Black "Shereshevsky, Yakov I"]
[Result "1/2-1/2"]
[WhiteElo "2200"]
[BlackElo "2460"]

1.e4 e6 2.d4 d5 3.Nd2 Be7 4.Ngf3 Nf6 5.Bd3 c5 6.e5 Nfd7 7.c3 Nc6 8.O-O Qb6
9.dxc5 Nxc5 10.Bc2 Qc7 11.Re1 O-O 12.Nb3 Nxb3 13.axb3 f6 14.Qd3 f5 15.h4 Bd7
16.b4 Bxb4 17.Bf4 Be7 18.g3 Rfc8 19.g4 Nb4 20.cxb4 Qxc2 21.Qxc2 Rxc2 22.gxf5 Bxb4
23.fxe6 Bc6 24.Nd4 Rc4 25.Red1 Bc5 26.Be3 Re8 27.b3 Rc3 28.Ne2 Rxe3 29.fxe3 Bxe3+
30.Kf1 Rxe6 31.Nd4 Bd7 32.Rxa7 Rxe5 33.Ra8+ Kf7 34.Nf3 Rf5 35.Kg2 Bb5 36.Nd4 Rf2+
37.Kg3 Ba6 38.Nf3 Be2 39.Ne5+ Ke6 40.Re8+ Kd6 41.Nc4+ Bxc4 42.Rxe3 Re2 43.Kf3  1/2-1/2

[Event "URS-ch sf"]
[Site "Daugavpils"]
[Date "1978.??.??"]
[Round "?"]
[White "Kholmov, Ratmir D"]
[Black "Shereshevsky, Yakov I"]
[Result "1-0"]
[WhiteElo "2540"]
[BlackElo "2460"]

1.e4 e6 2.d4 d5 3.Nd2 Be7 4.Ngf3 Nf6 5.e5 Nfd7 6.Bd3 b6 7.Qe2 a5 8.O-O Ba6
9.c4 Nc6 10.a3 a4 11.cxd5 Bxd3 12.Qxd3 exd5 13.Qb5 Ndb8 14.Nb1 Qd7 15.Nc3 Ra5
16.Qd3 Nd8 17.Bg5 Ne6 18.Bxe7 Qxe7 19.Rac1 O-O 20.Rfd1 Qd7 21.g3 Nc6 22.Rc2 Ne7
23.Nh4 g6 24.f4 Ng7 25.Kg2 Rd8 26.h3 c5 27.dxc5 Rxc5 28.Rcd2 Qc6 29.Ne4 Rc1
30.Nf6+ Kh8 31.Rxc1 Qxc1 32.Rc2 Qb1 33.Qd2 Ne8 34.Rc1 Qa2 35.Nxe8 Rxe8 36.Qb4 g5
37.fxg5 Ng6 38.Nf3 Re6 39.h4 Qb3 40.Rc8+ Kg7 41.Nd4  1-0

[Event "Esbjerg"]
[Site "Esbjerg"]
[Date "1978.??.??"]
[Round "2"]
[White "Mestel, A Jonathan"]
[Black "Forintos, Gyozo V"]
[Result "1/2-1/2"]
[WhiteElo "2450"]
[BlackElo "2435"]

1.e4 e6 2.d4 d5 3.Nd2 a6 4.Ngf3 c5 5.Bd3 Nc6 6.exd5 exd5 7.Qe2+ Qe7 8.dxc5 Qxe2+
9.Kxe2 Bxc5 10.Nb3 Bd6 11.Be3 Bg4 12.h3 Bxf3+ 13.Kxf3 Ne5+ 14.Ke2 Nxd3 15.Kxd3 Ne7
16.Rhe1 O-O-O 17.Bd4 Nf5 18.Bc3 Rhg8 19.Nd4 Nxd4 20.Bxd4 Rde8 21.Rad1  1/2-1/2

[Event "Wch U20"]
[Site "Graz"]
[Date "1978.??.??"]
[Round "7"]
[White "Morovic Fernandez, Ivan"]
[Black "Botto, Paul"]
[Result "1-0"]
[WhiteElo "2200"]
[BlackElo "2200"]

1.e4 e6 2.d4 d5 3.Nd2 Be7 4.Ngf3 Nf6 5.Bd3 c5 6.exd5 Nxd5 7.O-O O-O 8.dxc5 Nd7
9.Ne4 Nxc5 10.Nxc5 Bxc5 11.Qe2 Qc7 12.Qe4 f5 13.Qe2 Bd6 14.Re1 Nf4 15.Bxf4 Bxf4
16.Ne5 Bxe5 17.Qxe5 Qxe5 18.Rxe5 Bd7 19.Bc4 Rac8 20.Bb3 g6 21.f4 Kf7 22.Rd1 Rc7
23.Rxd7+ Rxd7 24.Bxe6+ Ke7 25.Bxf5+ Kd6 26.Bxd7 Kxd7 27.g3 Rc8 28.c3 Rc6
29.a4 Rd6 30.Kf2 Rd1 31.Re1 Rd2+ 32.Re2 Rd1 33.Ke3 Ra1 34.b3 a5 35.Kd4 Rb1
36.Kc4 Kd6 37.b4 Ra1 38.Kb5 axb4 39.cxb4 Rb1  1-0

[Event "Wch U20"]
[Site "Graz"]
[Date "1978.??.??"]
[Round "13"]
[White "Dolmatov, Sergey"]
[Black "Sisniega, Marcel"]
[Result "1/2-1/2"]
[WhiteElo "2495"]
[BlackElo "2455"]

1.e4 e6 2.d4 d5 3.Nd2 Nc6 4.Ngf3 Nf6 5.e5 Nd7 6.Be2 f6 7.exf6 Qxf6 8.Nf1 e5
9.Ne3 e4 10.Nxd5 Qd6 11.Bc4 exf3 12.Bf4 Qg6 13.Nxc7+ Kd8 14.Qxf3 Nb6 15.Bd3 Bg4
16.Qg3 Bf5 17.Qxg6 hxg6 18.Nxa8 Nxa8 19.O-O-O Nb6 20.Bg5+ Kc7 21.Bxf5 gxf5
22.h4 Bd6 23.Rhe1 Kd7 24.c3 a6 25.Kc2 Nd5 26.Kd3 b5 27.Ra1 Rb8 28.Re2 Na5
29.g3 Rc8 30.Rc2 Nc4 31.Rh1 b4 32.Bc1 bxc3 33.bxc3 Nf6 34.h5  1/2-1/2

[Event "Halle 12th (Women)"]
[Site "Halle"]
[Date "1978.??.??"]
[Round "7"]
[White "Hobusch, Cornelia"]
[Black "Vokralova, Stepanka"]
[Result "1/2-1/2"]
[WhiteElo "2000"]
[BlackElo "2200"]

1.e4 e6 2.d4 d5 3.Nd2 a6 4.e5 c5 5.c3 Nc6 6.Ndf3 Qb6 7.Ne2 Bd7 8.g3 cxd4
9.Nexd4 Bc5 10.Bh3 Nge7 11.O-O Ng6 12.Nxc6 Bxc6 13.b4 Be7 14.Be3 Qc7 15.Bd4 a5
16.a3 O-O 17.Qd2 Bb5 18.Rfe1 axb4 19.axb4 Rfc8 20.Qe3 Nf8 21.Nd2 Qd8 22.f4 Rc6
23.Nb3 Rca6 24.Rxa6 Rxa6 25.Ra1 Rxa1+ 26.Nxa1 Qa8 27.Nc2 Qa2 28.Qc1 Bd3 29.Ne3 g6
30.Bf1 Be4 31.Ng4 Nd7 32.Nf6+ Nxf6 33.exf6 Bf8 34.Qe3 Qa8 35.Bc5 h5 36.Bxf8 Qxf8
37.Qb6 Qb8 38.Qd4 Qf8 39.b5 Qa3 40.Qe5 Qc5+ 41.Qd4 Qxd4+ 42.cxd4 b6  1/2-1/2